01082nam a2200277Ia 450000500170000000800410001702000180005810000340007624501180011025000220022830000570025049000280030765000380033565000420037365000350041565000420045065000340049270000630052670000350058926400460062433600270067033700330069733800280073004000350075808400110079320220317001551.0161108s2014 c a g 000 0 s  a97895885458061 aAlmeida, Carla Maia ded1969-10aHermano lobocCarla Maia de Almeida ; ilustraciones António Jorge Gonçalves ; traducción Jerónimo Pizarro aPrimera edición a121 páginasbilustraciones en blanco negroc24 cm aoUtras Letras : Juvenil142LEMBaNovela portuguesaySiglo XX142LEMBaLiteratura portuguesaySiglo XX142LEMBaFamilia en la literatura142LEMBaPadres e hijos en la literatura142LEMBaViajes en la literatura1 aGonçalves, António Jorged1964-eilustradoretraductor1 aPizarro, Jerónimoetraductor aBogotábTaller de Edición Roccac2014 atextobtxt2rdacontent asin mediaciónbn2rdamedia avolumenbnc2rdacarrier aCO-BoRNBPbspaerdacCO-BoRNBP aN ALM7